<?xml version="1.0" encoding="UTF-8"?>
<record
    xmlns:xsi="http://www.w3.org/2001/XMLSchema-instance"
    xsi:schemaLocation="http://www.loc.gov/MARC21/slim http://www.loc.gov/standards/marcxml/schema/MARC21slim.xsd"
    xmlns="http://www.loc.gov/MARC21/slim">

  <leader>02285nam a2200277uu 4500</leader>
  <controlfield tag="001">1126692</controlfield>
  <controlfield tag="005">20260507085603.0</controlfield>
  <controlfield tag="007">cr|||||||</controlfield>
  <controlfield tag="008">090223e20090312                    spa  </controlfield>
  <datafield tag="035" ind1=" " ind2=" ">
    <subfield code="a">1126692</subfield>
  </datafield>
  <datafield tag="040" ind1=" " ind2=" ">
    <subfield code="c">comduadb</subfield>
  </datafield>
  <datafield tag="041" ind1=" " ind2=" ">
    <subfield code="a">spa</subfield>
  </datafield>
  <datafield tag="080" ind1=" " ind2=" ">
    <subfield code="a">MIM</subfield>
  </datafield>
  <datafield tag="100" ind1="1" ind2="0">
    <subfield code="a">Botero Vega, Carlos Alberto</subfield>
    <subfield code="4">aut</subfield>
    <subfield code="e">aut</subfield>
    <subfield code="9">558975</subfield>
  </datafield>
  <datafield tag="245" ind1="1" ind2="0">
    <subfield code="a">Evaluaci&#xF3;n de la corrosividad de atm&#xF3;sferas colombianas y su impacto sobre el deterioro de algunos materiales empleados en el sector el&#xE9;ctrico</subfield>
  </datafield>
  <datafield tag="260" ind1=" " ind2=" ">
    <subfield code="a">Medell&#xED;n :</subfield>
    <subfield code="b">[sin publicador],</subfield>
    <subfield code="c">2009.</subfield>
  </datafield>
  <datafield tag="300" ind1=" " ind2=" ">
    <subfield code="a">178 p&#xE1;ginas</subfield>
  </datafield>
  <datafield tag="520" ind1="3" ind2=" ">
    <subfield code="a">Se implementaron ensayos de corrosividad atmosf&#xE9;rica en 21 sitios representativos de las diferentes agresividades posibles en Colombia, seleccionados estad&#xED;sticamente con base en informaci&#xF3;n meteorol&#xF3;gica hist&#xF3;rica de distintos sitios del pa&#xED;s. En los sitios de ensayo se instalaron estaciones de corrosividad atmosf&#xE9;rica compuestas por bastidores de exposici&#xF3;n de placas met&#xE1;licas planas de Acero al Carbono y Acero Galvanizado, captadores de contaminantes: cloruros y sulfatos, sensores de temperatura y humedad relativa. Se realizaron retiros bimensuales de muestras durante un a&#xF1;o de exposici&#xF3;n. Con base en la informaci&#xF3;n levantada en campo se realiz&#xF3; una caracterizaci&#xF3;n de las atm&#xF3;sferas seg&#xFA;n su agresividad para el primer a&#xF1;o de exposici&#xF3;n utilizando la norma ISO 9223. Mediante la aplicaci&#xF3;n de t&#xE9;cnicas estad&#xED;sticas de regresi&#xF3;n se construyeron modelos predictivos de vida &#xFA;til para cada uno de los materiales estudiados en cada una de las "familias" de agresividad halladas. Mediante la utilizaci&#xF3;n de Sistemas de Informaci&#xF3;n Geogr&#xE1;fica (SIG's) y la aplicaci&#xF3;n de criterios t&#xE9;cnicos de corrosi&#xF3;n, se levantaron mapas de corrosividad atmosf&#xE9;rica para los materiales estudiados.</subfield>
  </datafield>
  <datafield tag="650" ind1=" " ind2=" ">
    <subfield code="a">Corrosi&#xF3;n atmosf&#xE9;rica</subfield>
    <subfield code="9">8844</subfield>
  </datafield>
  <datafield tag="650" ind1=" " ind2=" ">
    <subfield code="a">Sector el&#xE9;ctrico - Colombia</subfield>
    <subfield code="9">174438</subfield>
  </datafield>
  <datafield tag="650" ind1=" " ind2=" ">
    <subfield code="a">Materiales resistentes a la corrosi&#xF3;n</subfield>
    <subfield code="9">14046</subfield>
  </datafield>
  <datafield tag="650" ind1=" " ind2=" ">
    <subfield code="a">Sistemas de Informaci&#xF3;n Geogr&#xE1;fica (SIG)</subfield>
    <subfield code="9">38252</subfield>
  </datafield>
  <datafield tag="700" ind1="1" ind2="0">
    <subfield code="a">Casta&#xF1;o Gonz&#xE1;lez, Juan Guillermo</subfield>
    <subfield code="4">ths</subfield>
    <subfield code="e">ths</subfield>
    <subfield code="9">517431</subfield>
  </datafield>
  <datafield tag="942" ind1=" " ind2=" ">
    <subfield code="c">TESIS</subfield>
  </datafield>
  <datafield tag="999" ind1=" " ind2=" ">
    <subfield code="c">486828</subfield>
    <subfield code="d">486828</subfield>
  </datafield>
  <datafield tag="500" ind1=" " ind2=" ">
    <subfield code="a">Tesis (Maestr&#xED;a en Ingenier&#xED;a con &#xE9;nfasis en Materiales) Universidad de Antioquia. Facultad de Ingenier&#xED;a - T&#xED;tulo del grado otorgado</subfield>
  </datafield>
  <datafield tag="952" ind1=" " ind2=" ">
    <subfield code="0">0</subfield>
    <subfield code="1">0</subfield>
    <subfield code="4">0</subfield>
    <subfield code="7">0</subfield>
    <subfield code="8">TESELEC</subfield>
    <subfield code="a">CENDI</subfield>
    <subfield code="b">CENDI</subfield>
    <subfield code="d">2009-02-23</subfield>
    <subfield code="i">C1034781</subfield>
    <subfield code="l">0</subfield>
    <subfield code="o">MIM 04977</subfield>
    <subfield code="r">2023-04-28 00:00:00</subfield>
    <subfield code="t">1</subfield>
    <subfield code="w">2023-04-28</subfield>
    <subfield code="y">INTER</subfield>
    <subfield code="z">Acceso restringido.</subfield>
  </datafield>
</record>
